000 00535nam a2200205Ia 4500
005 20240427125544.0
008 131103s9999 xx 000 0 und d
020 _cRs.84.00
040 _aLoreto College
041 _aEnglish
082 _a371.3
_bWAL
100 _aWalia, J. S.
245 _aFoundations of School Administration and Organisation
_cJ. S. Walia
260 _aJalandhar
_bPaul Pub.
_c[19?]
300 _aviii,480p.
650 _aEducation
651 _aSchool administration
850 _aLCBED
942 _cBK
999 _c27355
_d77834